000 00765cam a22002653a 4500
001 28838
003 PGUSA
005 20140828083626.0
008 090501s2009||||xxu|||||s|||||000 1 eng d
040 _aPGUSA
_beng
042 _adc
050 4 _aPR
100 1 _aRichardson, Henry Handel,
_d1870-1946
245 1 4 _aThe Getting of Wisdom
_h[electronic resource] /
_cHenry Handel Richardson
260 _bProject Gutenberg,
_c2009
506 _aPublic domain in the USA.
516 _aElectronic text
653 _aMelbourne (Vic.) -- Fiction
653 _aBildungsromans
653 _aYoung women -- Fiction
653 _aAutobiographical fiction
830 0 _aProject Gutenberg
_v28838
856 4 0 _uhttp://www.gutenberg.org/ebooks/28838
942 _cEB
999 _c258093
_d258093